000 00686nam a22001817a 4500
005 20100821144348.0
010 _aENG-101246
020 _c140.00
035 _aEN-84879
037 _bDBAD/PUB
082 _a347.00954
245 _aThe sashastra seema bal act, 2007 :
_b53 of 2007 /
260 _aDelhi
_bUniversal Law Publishing
_c2010
270 _aC-FF-1A, Dilkush Industrial Estate, (Near Azadpur Metro Station) G.T. Karnal Road
_bDelhi
_e110033
300 _a126p.
_c24cm (pbk)
942 _2ddc
_cEN
_h347.00954
_mSAS
999 _c42915
_d42915